|
|
|
|
| LEADER |
01468nam a2200373 a 4500 |
| 001 |
38372 |
| 003 |
BD-DhAAL |
| 005 |
20220412102119.0 |
| 008 |
220412t1997 nyu b 001 0 eng |
| 999 |
|
|
|c 44043
|d 44043
|
| 010 |
|
|
|a 96021010
|
| 020 |
|
|
|a 0394583922 (alk. paper)
|
| 040 |
|
|
|a DLC
|c DLC
|d DLC
|d BD-DhAAL
|
| 043 |
|
|
|a n-us---
|
| 050 |
0 |
0 |
|a HC106.82
|b .K87 1997
|
| 082 |
0 |
0 |
|a 338.973
|2 20
|
| 100 |
1 |
|
|a Kuttner, Robert.
|9 47923
|
| 245 |
1 |
0 |
|a Everything for sale :
|b the virtues and limits of markets /
|c Robert Kuttner.
|
| 250 |
|
|
|a First edition
|
| 260 |
|
|
|a New York :
|b Alfred A. Knopf,
|c 1997.
|
| 300 |
|
|
|a xvi, 410 pages ;
|c 25 cm.
|
| 500 |
|
|
|a "A Twentieth Century Fund book."
|
| 504 |
|
|
|a Includes bibliographical references and index.
|
| 541 |
|
|
|a Donated by Akbar Ali Khan
|e 38379
|
| 650 |
|
0 |
|a Industrial policy
|z United States.
|9 47924
|
| 650 |
|
0 |
|a Environmental policy
|z United States.
|9 47925
|
| 650 |
|
0 |
|a Full employment policies
|z United States.
|9 47926
|
| 650 |
|
0 |
|a Capitalism
|z United States.
|9 47927
|
| 650 |
|
0 |
|a Free enterprise
|z United States.
|9 47928
|
| 651 |
|
0 |
|a United States
|x Economic policy
|y 1993-2001.
|9 47929
|
| 651 |
|
0 |
|a United States
|x Commercial policy.
|9 47930
|
| 852 |
|
|
|a Ayesha Abed Library
|c Akbar Ali Khan Collection
|
| 942 |
|
|
|2 ddc
|c BK
|
| 952 |
|
|
|0 0
|1 0
|2 ddc
|4 0
|6 338_973000000000000_KUT
|7 1
|9 70499
|a BRACUL
|b BRACUL
|c CS1
|d 2022-04-12
|e Donated by Akbar Ali Khan
|l 0
|o 338.973 KUT
|p 3010038372
|r 2022-04-12
|t 1
|w 2022-04-12
|y BK
|